00732nam a2200181 a 450000100100000000500170001000800410002704000250006808200140009311101140010724500460022126000750026730000280034250000420037004900090041295201120042199900170053300001648920200929164924.0100305s1957 dr a 000 0 spa d aDO-SdBNPbspacBNPHU axxxbS4711 aSeminario sobre los huracanes del caribed(1956 feb. 16-25 :cCiudad Trujillo, República Dominicana)93671610aSeminario sobre los huracanes del Caribe. aCiudad Trujillo, República Dominicana :bLibreria Dominicana,c1957. a409 p. :bils ;c27 cm. aIncluye notas al pie de las páginas aBNPD 0010718PDaPDbPDcHDd2010-03-05iLF1l0oxxx S471p16489-10r2020-06-25w2020-06-25yLFPDZNo se presta c16024d16024